000 00265nmm a2200097Ia 4500
008 220120s9999||||xx |||||||||||||||||und||
020 _a81-318-0080-6
100 _aLFY June 2010
245 0 _aUbuntu 10.04 lueid linux ubuntu netbook edition
260 _aEFY
_bBangalore
999 _c139490
_d139490